| 000 | 01422namaa22002651 4500 | ||
|---|---|---|---|
| 001 | 173863 | ||
| 003 | ES-MaACL | ||
| 005 | 20250824074930.0 | ||
| 007 | t| | ||
| 008 | 100127s1857 sp |r |||| | spa d | ||
| 040 |
_aSpMaBN _bspa _cA2 _dSpMaBN _erdc |
||
| 080 | _a78.089.1 | ||
| 100 | 0 |
_aCamprodón, Francisco. _934301 |
|
| 245 | 1 | 3 |
_aLa jardinera _b: zarzuela en tres actos y en verso / _carreglada a la escena española por Don Francisco Camprodón ; puesta en música por Don Manuel Caballeao [sic]. |
| 260 |
_aMadrid ) : _b[Francisco Gullón], _c1857 ( _fImp. de José Rodríguez) |
||
| 300 |
_a71 p. ; _c20 cm. |
||
| 490 | 1 | _aEl teatro : colección de obras dramáticas y líricas | |
| 500 | _aDed.: "A la Excelentísima Sra. Condesa del Castella, su mejor amigo, el autor" | ||
| 500 | _aEn las páginas 2-4 de la cubierta: "Catálogo de las obras dramáticas y líricas de la galería El teatro; Zarzuelas; puntos de venta y comisionados principales: provincias, Madrid" | ||
| 500 | _aSolo la letra. | ||
| 700 | 0 |
_aFernández Caballero, Manuel. _949531 |
|
| 830 | 0 | 3 |
_aEl teatro: colección de obras dramática y líricas _9221753 |
| 852 |
_aES-MaACL _jF-8623(1) _z.- Enc. pasta española _q.- Falto de la cub. original _z.- Enc. en un vol. facticio formando parte de la col. facticia "Teatro español moderno", vol. 78 _z.- Firma ms. de Gustavo Saenz Diez, 1877 |
||
| 999 |
_c173863 _d173863 |
||